00976nas a2200277 4500001001300000003000900013005001700022007000300039008003400042040005400076041000900130072001300139100001600152100001700168100001900185100002100204100001800225245014700243246012300390650001000513650002000523650002400543650001000567650001100577773011000588BR2013000461BR-BrBNA20231205121824.0ta230509b bl.|||p| |||| 00| 00por d aBR-BrBNAbporcBiblioteca Nacional de Agricultura a(Pt) aL40; L501 aAlves, F.R.1 aSantos, T.C.1 aFreiberger, S.1 aAmbrósio, C.E.1 aMiglino, M.A.1 aDinâmica dos precursores celulares do epitélio olfatório de cães sem raça definida: um estudo imunohistoquímico e ultra-estrutural1 aThe dynamic of precursor of the olfactory epithelium of mongrel dogs: an immunohistochemical and ultrastructural study aCÃO aANATOMIA ANIMAL aANÁLISE QUÍMICA aNARIZ aOLFATO0 tPesquisa Veterinária Brasileira (Brazil)xISSN 0100-736Xg(Sep 2007), v. 27(9) p. 388-392wBR2013000461